000 00655cas a22002171 4500
001 0000013541
005 20151217160929.0
008 090914c xxur p 0 0eng d
040 _aKABU
_cKABU
245 0 0 _aParents.
260 _aNairobi :
_bStellan Consult,
_c1986 -.
300 _av :
_bill.
310 _aMonthly,
362 0 _aNo. 1 (July 1986)
650 0 _aParenting
_xPeriodicals.
_@0000170977
650 0 _aParenting
_xPeriodicals.
_zKenya.
_@0000170978
650 0 _aChild rearing
_xPeriodicals
_zKenya.
_@0000170979
852 1 _9p2400 KES
908 _a090914
950 _@1
999 _c14799
_d14799